[Event "Pan American-ch"]
[Site "Cartagena"]
[Date "2012.07.07"]
[Round "8"]
[White "Benitez Peinado, Eder"]
[Black "Lizarazo, Doris Liliana"]
[Result "1-0"]
[WhiteElo "1589"]
[BlackElo "1877"]
[PlyCount "63"]
[EventDate "2012.07.04"]
[EventType "swiss"]
[EventRounds "9"]
[EventCountry "COL"]
[SourceTitle "CBM 149 Extra"]
[Source "ChessBase"]
[SourceDate "2012.08.24"]
[SourceVersion "1"]
[SourceVersionDate "2012.08.24"]
[SourceQuality "1"]

1. d4 d5 2. Nf3 Nf6 3. c4 e6 4. Bg5 Be7 5. Nc3 0-0 6. e3 Ne4 7. Bxe7 Qxe7 8. Qb3 Nxc3 9. bxc3 dxc4 10. Bxc4 c5 11. 0-0 b6 12. a4 Bb7 13. a5 Bxf3 14. gxf3 Nd7 15. axb6 Nxb6 16. Bd3 cxd4 17. cxd4 Rac8 18. Kh1 Nd5 19. Rg1 Rc3 20. Qb1 f5 21. Qf1 Rb8 22. Bc4 Nb6 23. Ba2 Rc2 24. Bb1 Rb2 25. e4 Rf8 26. exf5 exf5 27. Ra5 Qd7 28. Qh3 Rb5 29. Rxb5 Qxb5 30. Qg3 Qd7 31. Qe5 Rf6 32. Qxf6 1-0